1541 1191 1643 1394 1219 1310 1128 1778 1819 1399 1507 1191 1662 1138 1842 1918 1143 1517 1934 1150 1596 1647 1991 1836 1850 1953 1080 1499 1108 1854 1000 1332 1880 1929 1761 1966 1539 1081 1036 1339 1150 1243 1437 1974 1379 1495 1599 1522 1678 1291 1530 1796 1869 1599 1793 1792 1230 1175 1777 1212 1977 1534 1536 1052 1507 1652 1601 1105 1324 1375 1642 1060 1201 1539 1384 1132 1459 1936 1723 1207 1332 1267 1306 1402 1076 1747 1944 1590 1042 1122 1881 1788 1923 1333 1712 1876 1400 1978 1514 BCNSPRNW ULIB Ver.6.0+V

เปลี่ยนเป็นภาษาไทย

Change to English
 แสดงรายละเอียดบรรณานุกรม
  กลับหน้าหลัก

Brief Record : Get Marc (ISO 2709) : E-mail record : QR code < ปิดหน้าต่าง
LEADER : 00000nam 2200000uu 4500
001    13399127877
003     ULIB
008    211019s2562||||th 000 0 tha d
020    ^a9789740326519
050  4 ^aHA62^bย351ห
100 0  ^aยุทธ ไกยวรรณ์
245 10 ^aหลักสถิติวิจัยและการใช้โปรแกรม spss/^cยุทธ ไกยวรรณ์
250    ^aพิมพ์ครั้งที่ 6
260    ^aกรุงเทพฯ :^bสำนักพิมพ์แห่งจุฬาลงกรณ์มหาวิทยาลัย,^c2562
300    ^a563 หน้า :^bภาพประกอบ
650  4 ^aวิจัย
650  4 ^aวิจัย^xระเบียบวิธีทางสถิติ
650  4 ^aวิจัย^xสถิติ
650  4 ^aสถิติ
650  4 ^aสถิติวิเคราะห์
650  4 ^aสถิติศาสตร์
650  4 ^aสังคมศาสตร์^xระเบียบวิธีทางสถิติ
650  4 ^aเอสพีเอสเอส (โปรแกรมคอมพิวเตอร์)
945    ^p355^l0^i008495
945    ^p355^l0^i008496
945    ^p355^l0^i008497
999    ^aประนอม เกษจรัล
รายการนี้ยังไม่มีแท็ก
คุณยังไม่ได้ล็อกอิน คุณสามารถมีกิจกรรมร่วมกับเว็บไซต์ได้ แต่ต้องล็อกอินก่อน ::
  ล็อกอิน

รายการสื่อสารสนเทศ

ลำดับที่ ประเภท เลขเรียก/บาร์โค้ด สถานที่ สถานะ
1. การศึกษาทั่วไป
หนังสือสำรอง
สถานะ=หนังสือสำรอง
HA62 ย351ห ฉ.1 
  Barcode: 008495
ห้องสมุดวิทยาเขตสวรรค์ประชารักษ์
►หนังสือทั่วไป
บนชั้น
2. การศึกษาทั่วไป
การศึกษาทั่วไป
HA62 ย351ห ฉ.2 
  Barcode: 008496
ห้องสมุดวิทยาเขตสวรรค์ประชารักษ์
►หนังสือทั่วไป
ถูกยืม กำหนดส่งวันที่ 18 มีนาคม 2567
  จอง
3. การศึกษาทั่วไป
การศึกษาทั่วไป
HA62 ย351ห ฉ.3 
  Barcode: 008497
ห้องสมุดวิทยาเขตสวรรค์ประชารักษ์
►หนังสือทั่วไป
ถูกยืม กำหนดส่งวันที่ 8 มีนาคม 2567
  จอง

รายการใกล้เคียง
    ผู้แต่ง [ยุทธ ไกยวรรณ์]

    หัวเรื่อง [วิจัย]
    หัวเรื่อง [สถิติ]
    หัวเรื่อง [สถิติวิเคราะห์]
    หัวเรื่อง [สถิติศาสตร์]
    หัวเรื่อง [เอสพีเอสเอส (โปรแกรมคอมพิวเตอร์)]

BibComment


ยังไม่เคยถูกคอมเมนท์

คอมเมนท์ทรัพยากรรายการนี้
  คอมเมนท์: หลักสถิติวิจัยแล..


 Copyright 2026. Bcnsprnw @Library